[Event "Memorial Zita 2019"]
[Site "Prague"]
[Date "2019.06.25"]
[Round "5.2"]
[White "Trickov, Vasil"]
[Black "Pribylova, Sofie"]
[Result "1/2-1/2"]
[WhiteElo "2319"]
[BlackElo "2069"]
[Annotator "NA"]
[PlyCount "99"]
[EventDate "2019.06.23"]
[EventType "tourn"]
[EventCountry "CZE"]
[SourceTitle "playchess.com"]
[Source "ChessBase"]
[SourceQuality "1"]
[TimeControl "5400+30"]

1. d4 {[%emt 1:30:30]} Nf6 {[%emt 1:30:30]} 2. Nf3 {[%emt 0:00:30]} c5 {[%emt 0:00:30]} 3. c4 {[%emt 0:00:30]} cxd4 {[%emt 0:00:30]} 4. Nxd4 {[%emt 0:00:30]} e5 {[%emt 0:00:30]} 5. Nb5 {[%emt 0:00:30]} d5 {[%emt 0:00:30]} 6. cxd5 {[%emt 0:00:30]} Bc5 {[%emt 0:00:30]} 7. e3 {[%emt 0:00:30]} O-O {[%emt 0:00:30]} 8. N5c3 {[%emt 0:00:30]} e4 {[%emt 0:00:30]} 9. a3 {[%emt 0:00:30]} a5 {[%emt 0:00:30]} 10. Nd2 {[%emt 0:00:30]} Qe7 {[%emt 0:00:30]} 11. Qc2 {[%emt 0:00:30]} Bf5 {[%emt 0:00:30]} 12. Nb3 {[%emt 0:00:30]} Bd6 {[%emt 0:00:30]} 13. f4 {[%emt 0:00:30]} h6 {[%emt 0:00:30]} 14. Nd4 {[%emt 0:00:30]} Bg6 {[%emt 0:00:30]} 15. Be2 {[%emt 0:00:30]} Rd8 {[%emt 0:00:30]} 16. Ndb5 {[%emt 0:00:30]} Bc5 {[%emt 0:00:30]} 17. Qb3 {[%emt 0:00:30]} Nbd7 {[%emt 0:00:30]} 18. O-O {[%emt 0:00:30]} Nb6 {[%emt 0:00:30]} 19. Rd1 {[%emt 0:00:30]} a4 {[%emt 0:00:30]} 20. Qa2 {[%emt 0:00:30]} Rd7 {[%emt 0:00:30]} 21. b4 {[%emt 0:00:30]} axb3 {[%emt 0:00:30]} 22. Qxb3 {[%emt 0:00:30]} Rad8 {[%emt 0:00:30]} 23. d6 {[%emt 0:00:30]} Bxd6 {[%emt 0:00:30]} 24. Nxd6 {[%emt 0:00:30]} Rxd6 {[%emt 0:00:30]} 25. Rxd6 {[%emt 0:00:30]} Qxd6 {[%emt 0:00:30]} 26. Rb1 {[%emt 0:00:30]} Nbd5 {[%emt 0:00:30]} 27. Nxd5 {[%emt 0:00:30]} Nxd5 {[%emt 0:00:30]} 28. Bb2 {[%emt 0:00:30]} f6 {[%emt 0:00:30]} 29. Bc4 {[%emt 0:00:30]} Bf7 {[%emt 0:00:30]} 30. Rd1 {[%emt 0:00:30]} Qc6 {[%emt 0:00:30]} 31. Rd4 {[%emt 0:00:30]} f5 {[%emt 0:00:30]} 32. Rd1 {[%emt 0:00:30]} Be6 {[%emt 0:00:30]} 33. Be5 {[%emt 0:00:30]} Qc5 {[%emt 0:00:30]} 34. h3 {[%emt 0:00:30]} Rd7 {[%emt 0:00:30]} 35. Bd4 {[%emt 0:00:30]} Qc7 {[%emt 0:00:30]} 36. Bxg7 {[%emt 0:00:30]} Kxg7 {[%emt 0:00:30]} 37. Bxd5 {[%emt 0:00:30]} Bxd5 {[%emt 0:00:30]} 38. Rxd5 {[%emt 0:00:30]} Qc1+ {[%emt 0:00:30]} 39. Kf2 {[%emt 0:00:30]} Rc7 {[%emt 0:00:30]} 40. Kg3 {[%emt 0:00:30]} Kh7 {[%emt 0:00:30]} 41. Kh2 {[%emt 0:00:30]} Rg7 {[%emt 0:00:30]} 42. Rd1 {[%emt 0:00:30]} Qc6 {[%emt 0:00:30]} 43. Rd2 {[%emt 0:00:30]} Qg6 {[%emt 0:00:30]} 44. Kh1 {[%emt 0:00:30]} Qg3 {[%emt 0:00:30]} 45. Qc3 {[%emt 0:00:30]} Qe1+ {[%emt 0:00:30]} 46. Kh2 Qg3+ {[%emt 0:00:30]} 47. Kg1 {[%emt 0:01:00]} Qe1+ {[%emt 0:00:30]} 48. Kh2 {[%emt 0:00:30]} Qg3+ {[%emt 0:00:30]} 49. Kg1 {[%emt 0:00:30]} Qe1+ {[%emt 0:00:30]} 50. Kh2 {[%emt 0:00:30]} 1/2-1/2

[Event "Memorial Zita 2019"]
[Site "Prague"]
[Date "2019.06.25"]
[Round "5.3"]
[White "Fedorov, Evgueny"]
[Black "Semenova, Elena"]
[Result "1-0"]
[WhiteElo "2250"]
[BlackElo "2255"]
[Annotator "NA"]
[PlyCount "99"]
[EventDate "2019.06.23"]
[EventType "tourn"]
[EventCountry "CZE"]
[SourceTitle "playchess.com"]
[Source "ChessBase"]
[SourceQuality "1"]
[TimeControl "5400+30"]

1. e4 {[%emt 0:00:00]} e5 {[%emt 0:00:00]} 2. Nf3 {[%emt 0:00:00]} Nc6 {[%emt 0:00:00]} 3. Bb5 {[%emt 0:00:00]} a6 {[%emt 0:00:00]} 4. Ba4 {[%emt 0:00:00]} Nf6 {[%emt 0:00:01]} 5. O-O {[%emt 0:00:06]} Be7 {[%emt 0:00:12]} 6. Re1 {[%emt 0:00:06]} b5 {[%emt 0:00:05]} 7. Bb3 {[%emt 0:00:05]} O-O {[%emt 0:00:17]} 8. a4 {[%emt 0:00:18]} b4 {[%emt 0:00:50]} 9. a5 {[%emt 0:00:45]} d5 {[%emt 0:00:31]} 10. exd5 {[%emt 0:01:07]} e4 {[%emt 0:00:28]} 11. dxc6 {[%emt 0:00:41]} exf3 {[%emt 0:00:04]} 12. d4 {[%emt 0:01:44]} fxg2 {[%emt 0:00:21]} 13. Bf4 {[%emt 0:04:48]} Bg4 {[%emt 0:00:49]} 14. Qd3 {[%emt 0:05:59]} Nh5 {[%emt 0:01:51]} 15. Be5 {[%emt 0:17:00]} Bf6 {[%emt 0:02:59]} 16. Nd2 {[%emt 0:18:09]} Bxe5 {[%emt 0:17:49]} 17. Rxe5 {[%emt 0:00:45]} Nf4 {[%emt 0:05:28]} 18. Qe3 {[%emt 0:00:58]} Ng6 {[%emt 0:07:21]} 19. Rd5 {[%emt 0:09:00]} Qf6 {[%emt 0:02:45]} 20. Ne4 {[%emt 0:05:57]} Qf3 {[%emt 0:04:03]} 21. Ng5 {[%emt 0:20:02]} Qxe3 {[%emt 0:07:57]} 22. fxe3 {[%emt 0:00:02]} h6 {[%emt 0:00:22]} 23. h3 {[%emt 0:00:43]} Be2 {[%emt 0:18:44]} 24. Kf2 {[%emt 0:01:17]} Bb5 {[%emt 0:02:53]} 25. Nf3 {[%emt 0:02:27]} Bxc6 {[%emt 0:00:05]} 26. Rc5 {[%emt 0:00:20]} Bxf3 {[%emt 0:02:37]} 27. Kxf3 {[%emt 0:00:02]} Nh4+ {[%emt 0:00:04]} 28. Kg3 {[%emt 0:00:27]} g5 {[%emt 0:00:10]} 29. Rxc7 {[%emt 0:01:20]} Rae8 {[%emt 0:00:23]} 30. Kf2 {[%emt 0:00:50]} Kg7 {[%emt 0:11:26]} 31. Bd5 {[%emt 0:01:16]} Rc8 {[%emt 0:11:29]} 32. Rxc8 {[%emt 0:00:36]} Rxc8 {[%emt 0:00:00]} 33. Rc1 {[%emt 0:00:20]} Rb8 {[%emt 0:00:18]} 34. Bxg2 {[%emt 0:05:12]} Rb5 {[%emt 0:00:02]} 35. Bc6 {[%emt 0:01:22]} Rxa5 {[%emt 0:00:34]} 36. Ke2 {[%emt 0:03:34]} Kf6 {[%emt 0:03:07]} 37. c4 {[%emt 0:00:19]} Ra2 {[%emt 0:01:25]} 38. Rc2 {[%emt 0:00:30]} b3 {[%emt 0:00:47]} 39. Rd2 {[%emt 0:00:02]} Nf5 {[%emt 0:00:15]} 40. c5 {[%emt 0:00:17]} Ne7 {[%emt 0:00:37]} 41. Bb7 {[%emt 0:01:02]} Ra5 {[%emt 0:00:33]} 42. Kd3 {[%emt 0:00:37]} Ke6 {[%emt 0:00:20]} 43. Kc4 {[%emt 0:00:25]} Kd7 {[%emt 0:00:20]} 44. d5 {[%emt 0:00:54]} Ng6 {[%emt 0:00:19]} 45. d6 {[%emt 0:00:26]} Ne5+ {[%emt 0:00:01]} 46. Kd5 {[%emt 0:00:17]} f6 {[%emt 0:00:21]} 47. Rd1 {[%emt 0:00:18]} h5 {[%emt 0:00:18]} 48. Rf1 {[%emt 0:00:17]} Nd3 {[%emt 0:00:32]} 49. Rxf6 {[%emt 0:01:14]} Nxc5 {[%emt 0:01:23]} 50. Bc6+ {[%emt 0:00:10]} 1-0

[Event "Memorial Zita 2019"]
[Site "Prague"]
[Date "2019.06.25"]
[Round "5.4"]
[White "Kiss, Pal"]
[Black "Frolov, Artur"]
[Result "1/2-1/2"]
[WhiteElo "2278"]
[BlackElo "2453"]
[Annotator "ChessBase"]
[PlyCount "21"]
[EventDate "2019.06.23"]
[EventType "tourn"]
[EventCountry "CZE"]
[SourceTitle "playchess.com"]
[Source "ChessBase"]
[SourceQuality "1"]
[TimeControl "5400+30"]

1. d4 {[%emt 0:00:00]} Nf6 {[%emt 0:00:00]} 2. c4 {[%emt 0:00:00]} g6 {[%emt 0:00:00]} 3. Nc3 {[%emt 0:00:17]} Bg7 {[%emt 0:00:00]} 4. e4 {[%emt 0:00:29]} d6 {[%emt 0:00:00]} 5. Nf3 {[%emt 0:00:28]} O-O {[%emt 0:00:04]} 6. Be2 {[%emt 0:00:27]} e5 {[%emt 0:00:05]} 7. dxe5 {[%emt 0:03:01]} dxe5 {[%emt 0:00:16]} 8. Qxd8 {[%emt 0:00:09]} Rxd8 {[%emt 0:00:05]} 9. Nd5 {[%emt 0:00:57]} Nxd5 {[%emt 0:04:50]} 10. cxd5 {[%emt 0:00:27]} c6 {[%emt 0:00:54]} 11. Bc4 {[%emt 0:00:50]} 1/2-1/2

[Event "Memorial Zita 2019"]
[Site "Prague"]
[Date "2019.06.25"]
[Round "5.5"]
[White "Novy, Filip"]
[Black "Vokoun, Jan"]
[Result "1-0"]
[WhiteElo "2170"]
[BlackElo "2072"]
[Annotator "NA"]
[PlyCount "57"]
[EventDate "2019.06.23"]
[EventType "tourn"]
[EventCountry "CZE"]
[SourceTitle "playchess.com"]
[Source "ChessBase"]
[SourceQuality "1"]
[TimeControl "5400+30"]

1. e4 {[%emt 0:07:30]} d6 {[%emt 0:00:00]} 2. d4 {[%emt 0:00:13]} Nf6 {[%emt 0:00:00]} 3. Nc3 {[%emt 0:00:04]} e5 {[%emt 0:00:00]} 4. Nf3 {[%emt 0:01:10]} Nbd7 {[%emt 0:00:02]} 5. g4 {[%emt 0:00:05]} Nxg4 {[%emt 0:18:27]} 6. Rg1 {[%emt 0:00:07]} exd4 {[%emt 0:03:11]} 7. Nxd4 {[%emt 0:01:32]} Nde5 {[%emt 0:03:33]} 8. h3 {[%emt 0:00:26]} Nf6 {[%emt 0:00:14]} 9. f4 {[%emt 0:00:19]} Ned7 {[%emt 0:11:48]} 10. Qe2 {[%emt 0:01:37]} Nc5 {[%emt 0:05:03]} 11. Bd2 {[%emt 0:01:31]} c6 {[%emt 0:06:27]} 12. O-O-O {[%emt 0:00:32]} Qc7 {[%emt 0:02:36]} 13. e5 {[%emt 0:03:28]} dxe5 {[%emt 0:01:52]} 14. fxe5 {[%emt 0:01:08]} Nd5 {[%emt 0:00:14]} 15. Nxd5 {[%emt 0:00:41]} cxd5 {[%emt 0:00:02]} 16. Nb5 {[%emt 0:00:35]} Qc6 {[%emt 0:03:40]} 17. Bg2 {[%emt 0:03:13]} Be6 {[%emt 0:05:51]} 18. Ba5 {[%emt 0:08:40]} b6 {[%emt 0:02:19]} 19. Rxd5 {[%emt 0:00:40]} Bxd5 {[%emt 0:03:59]} 20. Bxd5 {[%emt 0:00:09]} Qc8 {[%emt 0:10:57]} 21. Qf3 {[%emt 0:03:15]} Nd3+ {[%emt 0:16:34]} 22. Qxd3 {[%emt 0:07:15]} Qc5 {[%emt 0:01:26]} 23. Rd1 {[%emt 0:11:14]} O-O-O {[%emt 0:01:41]} 24. Be6+ {[%emt 0:01:28]} fxe6 {[%emt 0:00:29]} 25. Qxd8+ {[%emt 0:00:10]} Kb7 {[%emt 0:00:00]} 26. Rd7+ {[%emt 0:00:43]} Ka6 {[%emt 0:00:09]} 27. Rxa7+ {[%emt 0:00:41]} Kxb5 {[%emt 0:00:03]} 28. Qd7+ {[%emt 0:00:25]} Qc6 {[%emt 0:00:14]} 29. a4+ {[%emt 0:00:37]} 1-0

[Event "Memorial Zita 2019"]
[Site "Prague"]
[Date "2019.06.26"]
[Round "6.1"]
[White "Netusil, Miloslav"]
[Black "Vokoun, Jan"]
[Result "1/2-1/2"]
[WhiteElo "2189"]
[BlackElo "2072"]
[Annotator "NA"]
[PlyCount "65"]
[EventDate "2019.06.23"]
[EventType "tourn"]
[EventCountry "CZE"]
[SourceTitle "playchess.com"]
[Source "ChessBase"]
[SourceQuality "1"]
[TimeControl "5400+30"]

1. d4 {[%emt 0:00:00]} Nf6 {[%emt 0:00:00]} 2. Nf3 {[%emt 0:00:13]} g6 {[%emt 0:00:26]} 3. c4 {[%emt 0:03:45]} Bg7 {[%emt 0:00:30]} 4. Nc3 {[%emt 0:00:07]} d5 {[%emt 0:00:05]} 5. cxd5 {[%emt 0:05:31]} Nxd5 {[%emt 0:00:29]} 6. g3 {[%emt 0:00:40]} c5 {[%emt 0:01:35]} 7. Bg2 {[%emt 0:00:25]} cxd4 {[%emt 0:11:43]} 8. Nxd4 {[%emt 0:00:48]} Nxc3 {[%emt 0:00:15]} 9. bxc3 {[%emt 0:00:14]} Nd7 {[%emt 0:07:51]} 10. O-O {[%emt 0:00:33]} O-O {[%emt 0:00:33]} 11. Rb1 {[%emt 0:08:27]} Rb8 {[%emt 0:01:29]} 12. Ba3 {[%emt 0:06:52]} a6 {[%emt 0:20:05]} 13. Qc1 {[%emt 0:02:26]} Re8 {[%emt 0:03:14]} 14. Rd1 {[%emt 0:02:14]} Qc7 {[%emt 0:00:30]} 15. Bb4 {[%emt 0:00:38]} e5 {[%emt 0:04:23]} 16. Nb3 {[%emt 0:01:36]} Bf8 {[%emt 0:00:23]} 17. Qg5 {[%emt 0:03:23]} f6 {[%emt 0:06:09]} 18. Qh4 {[%emt 0:00:43]} Kg7 {[%emt 0:04:48]} 19. Rd3 {[%emt 0:04:19]} b6 {[%emt 0:01:15]} 20. g4 {[%emt 0:01:43]} Bxb4 {[%emt 0:14:46]} 21. cxb4 {[%emt 0:06:19]} Nf8 {[%emt 0:00:36]} 22. Rc1 {[%emt 0:08:05]} Qe7 {[%emt 0:00:31]} 23. Nd2 {[%emt 0:01:00]} Be6 {[%emt 0:07:53]} 24. Ne4 {[%emt 0:05:09]} Red8 {[%emt 0:00:47]} 25. g5 {[%emt 0:00:37]} f5 {[%emt 0:00:42]} 26. Nf6 {[%emt 0:00:17]} Rxd3 {[%emt 0:00:58]} 27. exd3 {[%emt 0:00:07]} Rd8 {[%emt 0:00:22]} 28. a3 {[%emt 0:07:01]} Kh8 {[%emt 0:02:14]} 29. Qg3 {[%emt 0:01:04]} Qd6 {[%emt 0:01:54]} 30. Rc6 {[%emt 0:08:30]} Qd4 {[%emt 0:00:33]} 31. Qh3 {[%emt 0:01:02]} Qxd3 {[%emt 0:00:52]} 32. Qh6 {[%emt 0:00:39]} Bd7 {[%emt 0:04:28]} 33. Rc7 {[%emt 0:06:53]} 1/2-1/2

[Event "Memorial Zita 2019"]
[Site "Prague"]
[Date "2019.06.26"]
[Round "6.2"]
[White "Frolov, Artur"]
[Black "Novy, Filip"]
[Result "1-0"]
[WhiteElo "2453"]
[BlackElo "2170"]
[Annotator "ChessBase"]
[PlyCount "39"]
[EventDate "2019.06.23"]
[EventType "tourn"]
[EventCountry "CZE"]
[SourceTitle "playchess.com"]
[Source "ChessBase"]
[SourceQuality "1"]
[TimeControl "5400+30"]

1. d4 {[%emt 1:30:30]} Nf6 {[%emt 1:30:30]} 2. c4 {[%emt 0:00:30]} c5 {[%emt 0:00:30]} 3. Nf3 {[%emt 0:00:30]} e6 {[%emt 0:00:30]} 4. Nc3 {[%emt 0:00:30]} cxd4 {[%emt 0:00:30]} 5. Nxd4 {[%emt 0:00:30]} a6 {[%emt 0:00:30]} 6. e4 {[%emt 0:00:30]} d6 {[%emt 0:00:30]} 7. Be2 {[%emt 0:00:30]} Be7 {[%emt 0:00:30]} 8. Be3 {[%emt 0:00:30]} Qc7 {[%emt 0:00:30]} 9. Rc1 {[%emt 0:00:30]} O-O {[%emt 0:00:30]} 10. O-O {[%emt 0:00:30]} b6 {[%emt 0:00:30]} 11. f4 {[%emt 0:00:30]} Bb7 {[%emt 0:00:30]} 12. Bf3 {[%emt 0:00:30]} Nbd7 {[%emt 0:00:30]} 13. f5 {[%emt 0:00:30]} Nc5 {[%emt 0:00:30]} 14. fxe6 {[%emt 0:00:30]} Ncxe4 {[%emt 0:00:30]} 15. Nd5 {[%emt 0:00:30]} Bxd5 {[%emt 0:00:30]} 16. cxd5 {[%emt 0:00:30]} Qb7 {[%emt 0:00:30]} 17. Rc6 {[%emt 0:00:30]} fxe6 {[%emt 0:00:30]} 18. Nxe6 {[%emt 0:00:30]} Rfc8 {[%emt 0:00:30]} 19. Bxe4 {[%emt 0:00:30]} Nxe4 {[%emt 0:00:30]} 20. Qg4 {[%emt 0:00:30]} 1-0

[Event "Memorial Zita 2019"]
[Site "Prague"]
[Date "2019.06.26"]
[Round "6.3"]
[White "Semenova, Elena"]
[Black "Kiss, Pal"]
[Result "1/2-1/2"]
[WhiteElo "2255"]
[BlackElo "2278"]
[Annotator "NA"]
[PlyCount "94"]
[EventDate "2019.06.23"]
[EventType "tourn"]
[EventCountry "CZE"]
[SourceTitle "playchess.com"]
[Source "ChessBase"]
[SourceQuality "1"]
[TimeControl "5400+30"]

1. e4 {[%emt 0:00:00]} c5 {[%emt 0:00:13]} 2. Nf3 {[%emt 0:00:00]} g6 {[%emt 0:00:28]} 3. d4 {[%emt 0:02:59]} Bg7 {[%emt 0:04:40]} 4. dxc5 {[%emt 0:01:55]} Qa5+ {[%emt 0:02:26]} 5. c3 {[%emt 0:00:29]} Qxc5 {[%emt 0:00:36]} 6. Na3 {[%emt 0:16:43]} Qa5 {[%emt 0:06:33]} 7. Nc4 {[%emt 0:02:17]} Qc7 {[%emt 0:12:34]} 8. Ne3 {[%emt 0:02:02]} Nc6 {[%emt 0:01:02]} 9. Nd5 {[%emt 0:05:44]} Qd8 {[%emt 0:01:04]} 10. Bg5 {[%emt 0:01:18]} d6 {[%emt 0:08:06]} 11. Qd2 {[%emt 0:03:06]} h6 {[%emt 0:08:26]} 12. Bh4 {[%emt 0:02:03]} g5 {[%emt 0:08:40]} 13. Bg3 {[%emt 0:00:12]} e6 {[%emt 0:01:06]} 14. Ne3 {[%emt 0:08:12]} Nf6 {[%emt 0:01:09]} 15. Nc4 {[%emt 0:11:43]} Nxe4 {[%emt 0:03:02]} 16. Nxd6+ {[%emt 0:00:07]} Nxd6 {[%emt 0:08:09]} 17. Qxd6 {[%emt 0:00:12]} Qxd6 {[%emt 0:02:09]} 18. Bxd6 {[%emt 0:00:03]} Bf8 {[%emt 0:07:44]} 19. Bxf8 {[%emt 0:02:02]} Rxf8 {[%emt 0:02:16]} 20. O-O-O {[%emt 0:00:43]} Bd7 {[%emt 0:01:59]} 21. Be2 {[%emt 0:01:19]} Ke7 {[%emt 0:01:35]} 22. Rhe1 {[%emt 0:10:53]} Rfd8 {[%emt 0:01:07]} 23. h4 {[%emt 0:01:41]} f6 {[%emt 0:04:28]} 24. g3 {[%emt 0:02:20]} Rac8 {[%emt 0:01:58]} 25. Rh1 {[%emt 0:03:53]} Rh8 {[%emt 0:01:59]} 26. Rh2 {[%emt 0:01:29]} g4 {[%emt 0:01:47]} 27. Ne1 {[%emt 0:01:36]} Ne5 {[%emt 0:00:57]} 28. Nd3 {[%emt 0:10:14]} Nxd3+ {[%emt 0:00:17]} 29. Rxd3 {[%emt 0:00:36]} Bb5 {[%emt 0:00:46]} 30. Re3 {[%emt 0:00:01]} Bxe2 {[%emt 0:00:06]} 31. Rxe2 {[%emt 0:00:03]} h5 {[%emt 0:00:44]} 32. Rh1 {[%emt 0:00:16]} Rhd8 {[%emt 0:00:25]} 33. Rhe1 {[%emt 0:02:28]} Rc6 {[%emt 0:01:20]} 34. Re4 {[%emt 0:00:25]} e5 {[%emt 0:00:28]} 35. Kc2 {[%emt 0:00:23]} Ke6 {[%emt 0:00:09]} 36. Ra4 {[%emt 0:02:13]} a6 {[%emt 0:00:15]} 37. Rb4 {[%emt 0:00:06]} Rd7 {[%emt 0:01:40]} 38. Rd1 {[%emt 0:03:09]} Rxd1 {[%emt 0:01:36]} 39. Kxd1 {[%emt 0:00:01]} b5 {[%emt 0:00:42]} 40. Ke2 {[%emt 0:01:18]} Rc4 {[%emt 0:01:39]} 41. Rxc4 {[%emt 0:01:44]} bxc4 {[%emt 0:00:01]} 42. b4 {[%emt 0:00:21]} f5 {[%emt 0:02:34]} 43. Ke3 {[%emt 0:01:02]} Kd5 {[%emt 0:00:28]} 44. a4 {[%emt 0:01:06]} Kc6 {[%emt 0:00:13]} 45. Ke2 {[%emt 0:00:59]} Kb6 {[%emt 0:00:38]} 46. f3 {[%emt 0:00:53]} gxf3+ {[%emt 0:00:26]} 47. Kxf3 {[%emt 0:00:03]} Kc6 {[%emt 0:02:50] Ke4} 1/2-1/2

[Event "Memorial Zita 2019"]
[Site "Prague"]
[Date "2019.06.26"]
[Round "6.4"]
[White "Pribylova, Sofie"]
[Black "Fedorov, Evgueny"]
[Result "0-1"]
[WhiteElo "2069"]
[BlackElo "2250"]
[Annotator "NA"]
[PlyCount "70"]
[EventDate "2019.06.23"]
[EventType "tourn"]
[EventCountry "CZE"]
[SourceTitle "playchess.com"]
[Source "ChessBase"]
[SourceQuality "1"]
[TimeControl "5400+30"]

1. e4 {[%emt 0:00:00]} Nf6 {[%emt 0:00:00]} 2. e5 {[%emt 0:00:00]} Nd5 {[%emt 0:00:00]} 3. c4 {[%emt 0:00:08]} Nb6 {[%emt 0:00:00]} 4. d4 {[%emt 0:00:08]} d6 {[%emt 0:00:04]} 5. f4 {[%emt 0:00:08]} g6 {[%emt 0:00:32]} 6. Be3 {[%emt 0:02:06]} Bg7 {[%emt 0:00:17]} 7. Nc3 {[%emt 0:01:15]} Be6 {[%emt 0:00:51]} 8. Qb3 {[%emt 0:06:48]} a5 {[%emt 0:00:52]} 9. a4 {[%emt 0:22:18]} Na6 {[%emt 0:02:10]} 10. Nf3 {[%emt 0:04:23]} O-O {[%emt 0:01:50]} 11. Be2 {[%emt 0:01:50]} Nb4 {[%emt 0:01:01]} 12. Na2 {[%emt 0:01:09]} Na6 {[%emt 0:10:33]} 13. O-O {[%emt 0:04:43]} Bd7 {[%emt 0:05:01]} 14. Nc3 {[%emt 0:00:40]} Nb4 {[%emt 0:00:29]} 15. Qd1 {[%emt 0:02:25]} Bf5 {[%emt 0:10:39]} 16. Rc1 {[%emt 0:01:44]} dxe5 {[%emt 0:00:51]} 17. fxe5 {[%emt 0:00:21]} c6 {[%emt 0:00:52]} 18. Qd2 {[%emt 0:01:33]} Qc7 {[%emt 0:12:41]} 19. Bh6 {[%emt 0:02:08]} Rad8 {[%emt 0:00:36]} 20. Nh4 {[%emt 0:08:40]} Be6 {[%emt 0:01:47]} 21. Bxg7 {[%emt 0:11:43]} Kxg7 {[%emt 0:00:33]} 22. Qf4 {[%emt 0:02:42]} Nxc4 {[%emt 0:09:30]} 23. Rf3 {[%emt 0:12:45]} Qb6 {[%emt 0:04:08]} 24. Bxc4 {[%emt 0:03:42]} Bxc4 {[%emt 0:01:52]} 25. Rd1 {[%emt 0:00:38]} Be6 {[%emt 0:00:59]} 26. g4 {[%emt 0:00:41]} Kh8 {[%emt 0:15:47]} 27. Rh3 {[%emt 0:06:50]} Rg8 {[%emt 0:00:45]} 28. Qh6 {[%emt 0:00:20]} Rg7 {[%emt 0:00:28]} 29. Ne2 {[%emt 0:00:20]} Bxg4 {[%emt 0:02:49]} 30. Rg3 {[%emt 0:00:02]} Bxe2 {[%emt 0:01:42]} 31. Nf5 {[%emt 0:00:39]} Rdg8 {[%emt 0:00:16]} 32. Nxg7 {[%emt 0:01:48]} Bxd1 {[%emt 0:02:34]} 33. Qf4 {[%emt 0:00:59]} Rxg7 {[%emt 0:01:35]} 34. e6 {[%emt 0:00:10]} f6 {[%emt 0:00:22]} 35. Qb8+ {[%emt 0:00:48]} Rg8 {[%emt 0:00:05]} 0-1

[Event "Memorial Zita 2019"]
[Site "Prague"]
[Date "2019.06.26"]
[Round "6.5"]
[White "Neckar, Lubomir"]
[Black "Trickov, Vasil"]
[Result "1/2-1/2"]
[WhiteElo "2285"]
[BlackElo "2319"]
[Annotator "TA"]
[PlyCount "34"]
[EventDate "2019.06.23"]
[EventType "tourn"]
[EventCountry "CZE"]
[SourceTitle "playchess.com"]
[Source "ChessBase"]
[SourceQuality "1"]

{[%evp 13,14,-4,25]} 1. Nf3 Nf6 2. c4 c5 3. g3 g6 4. Bg2 Bg7 5. O-O O-O 6. d4 cxd4 7. Nxd4 Nc6 {Predecessor:} 8. Nc3 $146 Qa5 9. Nb3 Qh5 10. e4 d6 11. Qxh5 Nxh5 12. Rd1 Bxc3 13. bxc3 Bg4 14. f3 Be6 15. c5 Bxb3 16. axb3 dxc5 17. f4 Rfd8 {½-½ (57) Bu,X (2729)-Ponomariov,R (2675) Hengshui 2019} 1/2-1/2

[Event "Memorial Zita 2019"]
[Site "Prague"]
[Date "2019.06.27"]
[Round "7.1"]
[White "Trickov, Vasil"]
[Black "Netusil, Miloslav"]
[Result "1-0"]
[WhiteElo "2319"]
[BlackElo "2189"]
[Annotator "NA"]
[PlyCount "91"]
[EventDate "2019.06.23"]
[EventType "tourn"]
[EventCountry "CZE"]
[SourceTitle "playchess.com"]
[Source "ChessBase"]
[SourceQuality "1"]
[TimeControl "5400+30"]

1. d4 {[%emt 0:04:26]} d5 {[%emt 0:11:31]} 2. Nf3 {[%emt 0:00:15]} Bf5 {[%emt 0:00:18]} 3. c4 {[%emt 0:01:44]} e6 {[%emt 0:00:56]} 4. Nc3 {[%emt 0:05:08]} c6 {[%emt 0:00:45]} 5. Qb3 {[%emt 0:01:10]} Qb6 {[%emt 0:00:27]} 6. c5 {[%emt 0:03:36]} Qc7 {[%emt 0:00:08]} 7. Bf4 {[%emt 0:01:18]} Qc8 {[%emt 0:00:09]} 8. Nh4 {[%emt 0:01:48]} Bg6 {[%emt 0:01:28]} 9. Nxg6 {[%emt 0:01:33]} hxg6 {[%emt 0:00:07]} 10. e4 {[%emt 0:00:51]} dxe4 {[%emt 0:01:47]} 11. Nxe4 {[%emt 0:00:30]} Nd7 {[%emt 0:01:27]} 12. Bd3 {[%emt 0:08:35]} Ngf6 {[%emt 0:01:57]} 13. Ng5 {[%emt 0:08:21]} Nd5 {[%emt 0:02:43]} 14. Bg3 {[%emt 0:01:30]} Be7 {[%emt 0:00:20]} 15. Nf3 {[%emt 0:04:53]} b6 {[%emt 0:03:21]} 16. O-O {[%emt 0:04:24]} bxc5 {[%emt 0:00:23]} 17. Rac1 {[%emt 0:03:17]} O-O {[%emt 0:01:39]} 18. Bb1 {[%emt 0:09:07]} cxd4 {[%emt 0:10:30]} 19. Nxd4 {[%emt 0:03:47]} c5 {[%emt 0:00:19]} 20. Bxg6 {[%emt 0:11:49]} Qa6 {[%emt 0:08:22]} 21. Bd3 {[%emt 0:01:16]} Qb6 {[%emt 0:00:06]} 22. Nb5 {[%emt 0:02:36]} a6 {[%emt 0:08:20]} 23. Nd6 {[%emt 0:05:13]} Qc6 {[%emt 0:06:07]} 24. Nc4 {[%emt 0:02:08]} Bg5 {[%emt 0:00:19]} 25. Rce1 {[%emt 0:01:08]} Ra7 {[%emt 0:01:03]} 26. Bb1 {[%emt 0:01:56]} g6 {[%emt 0:00:23]} 27. Qf3 {[%emt 0:01:11]} Bh6 {[%emt 0:05:01]} 28. Bd6 {[%emt 0:02:32]} Re8 {[%emt 0:00:45]} 29. Qg3 {[%emt 0:02:40]} N7f6 {[%emt 0:06:02]} 30. Be5 {[%emt 0:02:48]} Bg7 {[%emt 0:01:50]} 31. b3 {[%emt 0:01:10]} Ne7 {[%emt 0:01:14]} 32. Qc3 {[%emt 0:01:02]} Nfd5 {[%emt 0:05:58]} 33. Qf3 {[%emt 0:00:10]} Nf5 {[%emt 0:01:55]} 34. Bxg7 {[%emt 0:00:15]} Kxg7 {[%emt 0:00:19]} 35. Bxf5 {[%emt 0:00:54]} gxf5 {[%emt 0:00:06]} 36. Qg3+ {[%emt 0:00:34]} Kf8 {[%emt 0:00:16]} 37. Rd1 {[%emt 0:00:41]} Ne7 {[%emt 0:01:59]} 38. Rd6 {[%emt 0:00:37]} Qe4 {[%emt 0:00:32]} 39. f3 {[%emt 0:00:17]} Qc2 {[%emt 0:01:16]} 40. Rd2 {[%emt 0:00:08]} Qc3 {[%emt 0:00:12]} 41. Rfd1 {[%emt 0:00:04]} Nd5 {[%emt 0:02:50]} 42. Qd6+ {[%emt 0:00:08]} Kg8 {[%emt 0:00:23]} 43. Qxc5 {[%emt 0:00:07]} Raa8 {[%emt 0:02:21]} 44. Qf2 {[%emt 0:00:17]} Nf4 {[%emt 0:00:46]} 45. Qg3+ {[%emt 0:01:13]} Ng6 {[%emt 0:00:05]} 46. h4 {[%emt 0:00:27]} 1-0